000 00808nam a2200241 a 4500
001 000045600
003 DO-SdBNP
005 20240708114459.0
008 150416s1987 dr 000 0 spa d
020 _a8489532001
040 _aDO-SdBNP
_bspa
_cBNPHU
082 4 _a336.7293
_bH565f
_222
100 1 _aHerrera, César A.,
_d1910-1988
_98333
245 1 4 _aLas finanzas de la República Dominicana /
_cCésar A. Herrera.
250 _a3a ed.
260 _aSanto Domingo :
_bEdiciones Tolle, Lege,
_c1987.
300 _a458 p. ;
_c21 cm.
500 _aIncluye referencias bibliográficas y notas al pie de las páginas.
650 4 _aHacienda pública
_zRepública Dominicana
_96562
650 4 _aFinanzas
_zRepública Dominicana
_96442
910 _aValidado. Control de calidad MFF
942 _2ddc
_cLBS1
999 _c45089
_d45089